Normal view
MARC view
- Computer Software Engineering ,Text Processing
Entry Topical Term
001 - CONTROL NUMBER
- control field: 35043
003 - CONTROL NUMBER IDENTIFIER
- control field: NUST
005 - DATE AND TIME OF LATEST TRANSACTION
- control field: 20201110121851.0
008 - FIXED-LENGTH DATA ELEMENTS
- fixed length control field: 201110|| aca||aabn | a|a d
040 ## - CATALOGING SOURCE
- Original cataloging agency: NUST
- Transcribing agency: NUST
150 ## - HEADING--TOPICAL TERM
- Topical term or geographic name entry element: Computer Software Engineering ,Text Processing
670 ## - SOURCE DATA FOUND
- Source citation: Work cat.: (NUST): Javed, Sh M Zeeshan 35042, Text Processing and Analyzing Traditional Medicine Literature, 2014.
